000 00304 a2200145 4500
001 169653
020 _a
040 _cMagnum
100 _aVilarrubias, Pia
240 1 0 _aLina tambien juega
_lESP
245 1 0 _aLina tambien juega
362 0 _a1899
697 _aLITERATURA ESTRANGEIRA
942 _cBK
999 _c169653
_d169653